International Financial Statistics, November 2010.

The IMF's principal statistical publication, International Financial Statistics (IFS) Online, is the standard source of international statistics on all aspects of international and domestic finance. For most countries, IFS Online reports data on balance of payments, international investment pos...

Celý popis

Podrobná bibliografie
Korporativní autor: International Monetary Fund. Statistics Dept
Médium: Časopis
Jazyk:English
Vydáno: Washington, D.C. : International Monetary Fund, 2010.
Edice:International Financial Statistics; International Financial Statistics ; No. 2010/011
On-line přístup:Full text available on IMF
LEADER 01599cas a2200241 a 4500
001 AALejournalIMF006458
008 230101c9999 xx r poo 0 0eng d
020 |c 50.00 USD 
020 |z 9781455213931 
022 |a 0252-3027 
040 |a BD-DhAAL  |c BD-DhAAL 
110 2 |a International Monetary Fund.  |b Statistics Dept. 
245 1 0 |a International Financial Statistics, November 2010. 
264 1 |a Washington, D.C. :  |b International Monetary Fund,  |c 2010. 
300 |a 1 online resource (1458 pages) 
490 1 |a International Financial Statistics 
500 |a <strong>Off-Campus Access:</strong> No User ID or Password Required 
500 |a <strong>On-Campus Access:</strong> No User ID or Password Required 
506 |a Electronic access restricted to authorized BRAC University faculty, staff and students 
520 3 |a The IMF's principal statistical publication, International Financial Statistics (IFS) Online, is the standard source of international statistics on all aspects of international and domestic finance. For most countries, IFS Online reports data on balance of payments, international investment position, international liquidity, monetary and financial statistics, exchange rates, interest rates, prices, production, government accounts, national accounts, and population. Updated monthly. 
538 |a Mode of access: Internet 
830 0 |a International Financial Statistics; International Financial Statistics ;  |v No. 2010/011 
856 4 0 |z Full text available on IMF  |u http://elibrary.imf.org/view/books/041/10955-9781455213931-en/10955-9781455213931-en-book.xml  |z IMF e-Library